Sermam na festa da beatificaçam da gloriosa virgem Santa Roza que pregou no terceiro dia do seu octavario solemnes no Convento Real de S. Domingos de Lisboa, o P.Fr. Joam de S. Francisco religioso da ordem serafica, et definidor habitual da observante provincia dos Algarues

Detalles Bibliográficos
Autor principal: Juan de San Francisco
Formato: Libro
Lenguaje:Portuguese
Publicado: em Lisboa 1669
Materias:
Colección:Banco de datos
Acervo:Biblioteca Armando Olivares Carrillo de la Universidad de Guanajuato. Fondo Conventos
Descripción Física:27 p. 4°
Tema general:Homilética
LEADER 00755nam a22001810004500
035 |a 3925 
041 0 |a por 
050 4 |a BV4207  |b S3 
100 1 |a Juan de San Francisco 
245 1 0 |a Sermam na festa da beatificaçam da gloriosa virgem Santa Roza que pregou no terceiro dia do seu octavario solemnes no Convento Real de S. Domingos de Lisboa, o P.Fr. Joam de S. Francisco religioso da ordem serafica, et definidor habitual da observante provincia dos Algarues 
260 |a em Lisboa  |b na officina de Joam da Costa  |c 1669 
300 |a 27 p.  |c 4° 
501 |a 30 obras 
650 1 0 |a Homilética 
949 |a CO. 7009-U 
942 |c GUANAJUATO 
943 |g Biblioteca Armando Olivares Carrillo de la Universidad de Guanajuato. Fondo Conventos 
999 |c 1147882  |d 1147882